Armstrong's handbook of strategic human resource management: Improve business performance through strategic people management (Record no. 396993)
[ view plain ]
| 000 -LEADER | |
|---|---|
| fixed length control field | 00626 a2200205 4500 |
| 005 - DATE & TIME | |
| control field | 20260313114954.0 |
| 008 - FIXED-LENGTH DATA ELEMENTS--GENERAL INFORMATION | |
| fixed length control field | 260312b |||||||| |||| 00| 0 eng d |
| 020 ## - ISBN | |
| International Standard Book Number | 9781398617698 |
| Price | $ 59.00 |
| 040 ## - CATALOGING SOURCE | |
| Original cataloging agency | VIVEKANANDA LIBRARY |
| 082 ## - DDC NUMBER | |
| Classification number | 658.301 |
| Book Number | A58A(8) |
| 100 ## - MAIN ENTRY--PERSONAL NAME | |
| Personal name | Armstrong Michael |
| 245 ## - TITLE STATEMENT | |
| Title | Armstrong's handbook of strategic human resource management: Improve business performance through strategic people management |
| 250 ## - EDITION STATEMENT | |
| Edition statement | 8th |
| 260 ## - PUBLICATION, DISTRIBUTION, ETC. (IMPRINT) | |
| Name of publisher, distributor, etc | Kogan Page |
| Date of publication, distribution, etc | 2025 |
| Place of publication, distribution, etc | London |
| 300 ## - PHYSICAL DESCRIPTION | |
| Pages | xii, 343 |
| 650 ## - Subject | |
| Subject | Management |
| 650 ## - Subject | |
| Subject | Human Resource Mangements |
| 650 ## - Subject | |
| Subject | Organization Development |
| 942 ## - ADDED ENTRY ELEMENTS (KOHA) | |
| Koha item type | Books |
| Withdrawn status | Lost status | Source of classification or shelving scheme | Damaged status | Not for loan | Location (home branch) | Sublocation or collection (holding branch) | Shelving location | Date acquired | Koha issues (times borrowed) | Koha full call number | Accession No. | Koha date last seen | Koha item type |
|---|---|---|---|---|---|---|---|---|---|---|---|---|---|
| Dewey Decimal Classification | VIVEKANANDA LIBRARY | VIVEKANANDA LIBRARY | IMSAR Library | 17/02/2026 | 658.301 A58A(8) | 420850 | 17/02/2026 | Books |
